000 00531nam a2200193Ia 4500
003 GCL
008 140319s9999 xx 000 0 eng d
020 _a8173910308
040 _aGCL /
_cGCL
082 0 4 _aREF
_b370.3
_bB M
100 1 _aPRAKASH, RAVI
245 1 0 _aMODERN ENCYCLOPAEDIA OF EDUCATIONAL TECHNOLOGY /
_cPRAKASH, RAVI
700 1 _aBHATT, B D
260 _aالهند :
_bKNESHRA PUBLISHER DISRITOUTARS ،
_c1994
300 _a ؛
_c19 cm.
650 0 4 _aEDUCATION
650 0 4 _aENCYCLOPEDIAS
942 _2ddc
_cREF
999 _c10618
_d10618